Normal view
MARC view
- السالوس، علي احمد
Entry Personal Name
001 - CONTROL NUMBER
- control field: 64170
003 - CONTROL NUMBER IDENTIFIER
- control field: JO-AjAnu
005 - DATE AND TIME OF LATEST TRANSACTION
- control field: 20230606084454.0
008 - FIXED-LENGTH DATA ELEMENTS
- fixed length control field: 230606|| aca||aabn | a|a d
040 ## - CATALOGING SOURCE
- Original cataloging agency: JO-AjAnu
- Transcribing agency: JO-AjAnu
100 ## - HEADING--PERSONAL NAME
- Personal name: السالوس، علي احمد
670 ## - SOURCE DATA FOUND
- Source citation: Work cat.: (JO-AjAnu)32714: السالوس، علي احمد, author, المعاملات المالية المعاصرة في ضوء الشريعة الاسلامية